000 00488nam a2200181 i 4500
001 bgj
100 1 _aSEGHERS, Anna
245 1 0 _aWiedereinführung der Sklaverei in Guadelupe /
_cAnna Seghers.
260 _aFrankfurt am Main :
_bFischer Taschenbuch Verlag,
_c1989.
300 _a109 S. ;
_c18 cm.
650 9 _aDeutsche Literatur
020 _a3596293219
040 _cBPK
041 0 _ager
920 _a3-596-29321-9
942 _cKS
008 s gw f |000 0 ger
999 _c50540
_d50540
856 _uhttp://koha.tu.koszalin.pl/cgi-bin/koha/opac-detail.pl?biblionumber=50540
_yKatalog online BPK